Гироскопы и акселерометры на новых физических принципах: электронный курс
| Autor principal: | |
|---|---|
| Autor corporatiu: | |
| Sumari: | Заглавие с экрана Дисциплина нацелена на формирование следующих профессиональных компетенций выпускника: - способность собирать и анализировать научно-техническую информацию; - учитывать современные тенденции развития и использовать достижения отечественной и зарубежной науки, техники и технологии в профессиональной деятельности; - фундаментальные знания теоретических основ и принципов работы гироскопов и акселерометров; - развитие логического мышления при решении проектных задач; - освоение передового отечественного и зарубежного опыта в области производства приборов точной механики; - разрабатывать новые гироскопы и акселерометры с использованием современных средств вычислительной техники; - освоение современных методов управления; - выбирать современную элементную базу приборов точной механики; - способность эффективно работать и организовывать работу коллективов для решения текущих и перспективных проблем. Доступ по логину и паролю |
| Idioma: | rus |
| Publicat: |
Томск, TPU Moodle, 2014
|
| Matèries: | |
| Accés en línia: | https://design.lms.tpu.ru/course/view.php?id=146 |
| Format: | MixedMaterials Electrònic Llibre |
| KOHA link: | https://koha.lib.tpu.ru/cgi-bin/koha/opac-detail.pl?biblionumber=651446 |
MARC
| LEADER | 00000nlm0a2200000 4500 | ||
|---|---|---|---|
| 001 | 651446 | ||
| 005 | 20260213150408.0 | ||
| 035 | |a (RuTPU)RU\TPU\network\16695 | ||
| 035 | |a RU\TPU\network\16694 | ||
| 090 | |a 651446 | ||
| 100 | |a 20161114d2014 m y0rusy50 ca | ||
| 101 | 0 | |a rus | |
| 102 | |a RU | ||
| 105 | |a a j 000zy | ||
| 135 | |a jrcn ---uucaa | ||
| 181 | 0 | |a i | |
| 182 | 0 | |a b | |
| 200 | 1 | |a Гироскопы и акселерометры на новых физических принципах |e электронный курс |f Т. Г. Нестеренко |g Национальный исследовательский Томский политехнический университет (ТПУ), Институт неразрушающего контроля (ИНК), Кафедра точного приборостроения (ТПС) | |
| 203 | |a Текст |c электронный | ||
| 210 | |a Томск |c TPU Moodle |d 2014 | ||
| 300 | |a Заглавие с экрана | ||
| 330 | |a Дисциплина нацелена на формирование следующих профессиональных компетенций выпускника: - способность собирать и анализировать научно-техническую информацию; - учитывать современные тенденции развития и использовать достижения отечественной и зарубежной науки, техники и технологии в профессиональной деятельности; - фундаментальные знания теоретических основ и принципов работы гироскопов и акселерометров; - развитие логического мышления при решении проектных задач; - освоение передового отечественного и зарубежного опыта в области производства приборов точной механики; - разрабатывать новые гироскопы и акселерометры с использованием современных средств вычислительной техники; - освоение современных методов управления; - выбирать современную элементную базу приборов точной механики; - способность эффективно работать и организовывать работу коллективов для решения текущих и перспективных проблем. | ||
| 333 | |a Доступ по логину и паролю | ||
| 606 | 1 | |a Гироскопические системы, теория |x (физика) |2 stltpush |3 (RuTPU)RU\TPU\subj\38710 |9 59054 | |
| 606 | 1 | |a Акселерометры |x (механика) |2 stltpush |3 (RuTPU)RU\TPU\subj\1651 |9 30384 | |
| 610 | 1 | |a электронный ресурс | |
| 610 | 1 | |a труды учёных ТПУ | |
| 610 | 1 | |a электронное обучение | |
| 610 | 1 | |a электронные курсы ТПУ | |
| 610 | 1 | |a профессиональные компетенции | |
| 610 | 1 | |a научно-техническая информация | |
| 610 | 1 | |a профессиональная деятельность | |
| 610 | 1 | |a гироскопы | |
| 610 | 1 | |a точная механика | |
| 610 | 1 | |a электронные учебные пособия | |
| 610 | 1 | |a учебные пособия | |
| 675 | |a 531.383(07) |v 3 | ||
| 675 | |a 531.76(07) |v 3 | ||
| 700 | 1 | |a Нестеренко |b Т. Г. |c специалист в области машиностроения |c доцент Томского политехнического университета, кандидат технических наук |f 1946- |g Тамара Георгиевна |3 (RuTPU)RU\TPU\pers\26585 |9 12268 | |
| 712 | 0 | 2 | |a Национальный исследовательский Томский политехнический университет |c (2009- ) |9 26305 |
| 801 | 2 | |a RU |b 63413507 |c 20211123 |g RCR | |
| 856 | 4 | |u https://design.lms.tpu.ru/course/view.php?id=146 | |
| 942 | |c CF | ||